K spôsobilosti nekalosúťažného konania privodiť ujmu iným súťažiteľom alebo spotrebiteľom

Tretia podmienka všeobecnej doložky o nekalej súťaži, konkrétne schopnosti nespravodlivo spôsobiť škodu iným konkurentom alebo spotrebiteľom. Analýza pojmov obsiahnutých v tomto ustanovení ako škoda, konkurenti, spotrebitelia a schopnosť spôsobiť škodu.

Gespeichert in:
Bibliographische Detailangaben
1. Verfasser: Zlocha, Ľubomír, 1988-
Format: Buchkapitel
Sprache:Slowakisch
Schlagworte:
Tags: Tag hinzufügen
Keine Tags, Fügen Sie das erste Tag hinzu!

MARC

LEADER 00000naa a2200000 4500
001 0249922
005 20190108132336.6
041 0 |a slo 
044 |a SK 
245 1 0 |a K spôsobilosti nekalosúťažného konania privodiť ujmu iným súťažiteľom alebo spotrebiteľom  |c Ľubomír Zlocha 
520 |a Tretia podmienka všeobecnej doložky o nekalej súťaži, konkrétne schopnosti nespravodlivo spôsobiť škodu iným konkurentom alebo spotrebiteľom. Analýza pojmov obsiahnutých v tomto ustanovení ako škoda, konkurenti, spotrebitelia a schopnosť spôsobiť škodu. 
610 2 0 |a súťaž hospodárska 
610 2 0 |a súťaž nekalá 
610 2 0 |a škody 
610 2 0 |a spotrebitelia 
610 2 0 |a konkurencia 
610 2 0 |a zákonník obchodný 
610 2 0 |a zákony ekonomické 
100 1 |a Zlocha, Ľubomír, 1988-